|
|
|
|
| LEADER |
00810nab a2200205 i 4500 |
| 001 |
acta30649 |
| 005 |
20231110124214.0 |
| 008 |
161017s2013 hu o 0|| hun d |
| 022 |
|
|
|a 0324-6523
|
| 040 |
|
|
|a SZTE Egyetemi Kiadványok Repozitórium
|b hun
|
| 041 |
|
|
|a hun
|
| 100 |
1 |
|
|a Heka László
|
| 245 |
1 |
0 |
|a Eszék szabad királyi város 1809. évi privilégiumlevele
|h [elektronikus dokumentum] /
|c Heka László
|
| 260 |
|
|
|a Szegedi Tudományegyetem Állam- és Jogtudományi Kar
|b Szeged
|c 2013
|
| 300 |
|
|
|a 273-288
|
| 490 |
0 |
|
|a Acta Universitatis Szegediensis : acta juridica et politica
|v 75
|
| 650 |
|
4 |
|a Bölcsészettudományok
|
| 650 |
|
4 |
|a Történettudomány és régészet
|
| 695 |
|
|
|a Eszék története - 1809
|
| 856 |
4 |
0 |
|u http://acta.bibl.u-szeged.hu/30649/1/juridpol_075_273-288.pdf
|z Dokumentum-elérés
|